ABBA Voyage Setlist - Statistics

General Stats
  • This quiz has been taken 15 times
  • The average score is 11 of 20
Answer Stats
Answer % Correct
Dancing Queen
93%
Mamma Mia
93%
Fernando
79%
Waterloo
79%
Gimme! Gimme! Gimme! (A Man After Midnight)
64%
SOS
64%
Thank You for the Music
64%
The Winner Takes It All
64%
Lay All Your Love on Me
57%
Does Your Mother Know
50%
I Still Have Faith in You
50%
Voulez-Vous
50%
Chiquitita
43%
Knowing Me, Knowing You
43%
Don't Shut Me Down
36%
Eagle
36%
Hole in Your Soul
29%
Summer Night City
29%
When All Is Said and Done
29%
The Visitors
21%
No matching quizzes found
Score Distribution
Percent of People with Each Score
Percentile by Number Answered
Your Score History
You have not taken this quiz